Barron's IELTS Premium (Record no. 367805)

MARC details
000 -LEADER
fixed length control field 00628nam a2200205 4500
005 - DATE AND TIME OF LATEST TRANSACTION
control field 20250918161304.0
008 - FIXED-LENGTH DATA ELEMENTS--GENERAL INFORMATION
fixed length control field 250916b |||||||| |||| 00| 0 eng d
020 ## - INTERNATIONAL STANDARD BOOK NUMBER
International Standard Book Number 9788122484908
041 ## - LANGUAGE CODE
Language code of text/sound track or separate title English
082 ## - DEWEY DECIMAL CLASSIFICATION NUMBER
Classification number 372.6
Item number LOU
100 ## - MAIN ENTRY--PERSONAL NAME
Author Lougheed Lin Ed.
245 ## - TITLE STATEMENT
Title Barron's IELTS Premium
250 ## - EDITION STATEMENT
Edition statement 7th
260 ## - PUBLICATION, DISTRIBUTION, ETC.
Place of publication, distribution, etc. Mumbai
Name of publisher, distributor, etc. New Age International Publishers
Date of publication, distribution, etc. 2024
300 ## - PHYSICAL DESCRIPTION
Extent 490
365 ## - TRADE PRICE
Price amount 559.00
Currency code Rs.00
520 ## - SUMMARY, ETC.
Summary, etc. 1. Introduction<br/>2. Preparing for IELTS<br/>3. Listening<br/>4. Reading<br/>5. Writing<br/>6. Speaking<br/>7. IELTS Model Tests<br/>
650 ## - SUBJECT ADDED ENTRY--TOPICAL TERM
Topical term or geographic name entry element Communication Skills
942 ## - ADDED ENTRY ELEMENTS (KOHA)
Koha item type Books
Holdings
Withdrawn status Lost status Source of classification or shelving scheme Damaged status Not for loan Home library Current library Date acquired Vendor Net Price Bill number Total Checkouts Full call number Barcode Date last seen Discount Actual Price Bill Date Koha item type
    Dewey Decimal Classification     School of Fashion Technology School of Fashion Technology 12/09/2025 Pragati Book Centre 559.00 19775   372.6 LOU SOFT-BK-4598 16/09/2025 20% 699.00 12/09/2025 Books